Statystyki dla Kraje po opisie

Kliknij tutaj aby rozwiązać quiz!

Ogólne statystyki

  • Ten quiz został rozwiązany 429 razy
  • Średni wynik to 12 z 15

Statystyki odpowiedzi

OpisKraj% Poprawnych
Państwo które wypuściło koronawirusa.Chiny
100%
Największy kraj świata.Rosja
97%
Kraj z którego pochodzi Fryderyk Chopin.Polska
96%
Państwo, w którym był wybuch elektrowni atomowej w 1986 roku.Ukraina
96%
Składający się z Anglii,Szkocij i Irlandii Północnej kraj.Wielka Brytania
95%
Państwo należące do Dani.Grenlandia
88%
Kraj z którego pochodzi IKEA.Szwecja
88%
Wszystkie drogi prowadzą do stolicy tego kraju.Włochy
86%
Kraj z Australią na zachód przez Morze Tasmana.Nowa Zelandia
77%
Kiedyś największe afrykańskie państwo, dziś rozłączone na dwie części.Sudan
76%
Państwo europejskie z karą śmierci.Białoruś
75%
Kraj z Mount Everst.Nepal
74%
Niepodległość od Wielkiej Brytanii w roku 1776.Stany Zjednoczone
71%
Odbyły się tam igrzyska olimpijskie 2016.Brazylia
53%
Kraj z miastem Ałmaty.Kazachstan
53%

Rozkład punktacji

Percentyl według liczby udzielonych odpowiedzi

Procent ludzi z każdym wynikiem

Twoja historia wyników

Nie rozwiązałeś tego quizu